INGENIERIA ESTRUCTURAL SUDAMERICANA EN LA DECADA DEL 80 : (Registro nro. 36722)
[ vista simple ]
| 000 -LEADER | |
|---|---|
| fixed length control field | 00474nam a2200145 a 4500 |
| 001 - CONTROL NUMBER | |
| control field | 36722 |
| 005 - DATE AND TIME OF LATEST TRANSACTION | |
| control field | 20180714005413.0 |
| 008 - FIXED-LENGTH DATA ELEMENTS--GENERAL INFORMATION | |
| fixed length control field | 140415s1986 000 0 spa d |
| 041 ## - LANGUAGE CODE | |
| Language code of text/sound track or separate title | spa |
| 082 ## - DEWEY DECIMAL CLASSIFICATION NUMBER | |
| Classification number | 624.1 |
| Item number | ING |
| 245 00 - TITLE STATEMENT | |
| Title | INGENIERIA ESTRUCTURAL SUDAMERICANA EN LA DECADA DEL 80 : |
| Remainder of title | A ENGENNERIA ESTRUCTURAL SULAMERICANA NA DECADA DOS 80 |
| 260 ## - PUBLICATION, DISTRIBUTION, ETC. | |
| Place of publication, distribution, etc. | [s.l.] : |
| Name of publisher, distributor, etc. | UNIVERSIDAD DE LA REPUBLICA, |
| Date of publication, distribution, etc. | 1986 |
| 300 ## - PHYSICAL DESCRIPTION | |
| Extent | 2 |
| 650 14 - SUBJECT ADDED ENTRY--TOPICAL TERM | |
| Topical term or geographic name entry element | INGENIERIA DE ESTRUCTURAS |
| Withdrawn status | Lost status | Source of classification or shelving scheme | Damaged status | Not for loan | Collection code | Home library | Current library | Shelving location | Date acquired | Source of acquisition | Inventory number | Total Checkouts | Full call number | Barcode | Price effective from | Koha item type | Date last seen |
|---|---|---|---|---|---|---|---|---|---|---|---|---|---|---|---|---|---|
| Dewey Decimal Classification | General | Biblioteca Karol Wojtyla | Biblioteca Karol Wojtyla | Sala general | 03/12/2013 | Compra | 151000000000000000004056 | 624.1 ING | 55221 | 03/12/2013 | Libro | ||||||
| Dewey Decimal Classification | General | Biblioteca Karol Wojtyla | Biblioteca Karol Wojtyla | Sala general | 03/12/2013 | Compra | 151000000000000000004057 | 624.1 ING | 55222 | 03/12/2013 | Libro | 05/01/2026 |